000 02253cam a22004814a 4500
001 74649019
003 PE-LiUPU
005 20250905100429.0
008 061020s2006 dcu b 001 0beng
020 _a0915170396 (alk. paper)
020 _a9780915170395 (alk. paper)
035 _a.b1760560x
035 _a.b1760560x
035 _a(OCoLC)74649019
040 _aDLC
_cPE-LiUPU
_dPE-LiUPU
_bspa
_erda
043 _aa-tu---
049 _aEXNs
050 0 0 _aBS2506.3
_b.T38 2006
082 0 0 _a225.92
_bT221n
_223
100 1 _aTatum, Gregory,
_d1957-
_eautor.
245 1 0 _aNew chapters in the life of Paul :
_bthe relative chronology of his career /
_cpor Gregory Tatum.
264 _aWashington, DC :
_bCatholic Biblical Association of America,
_cc2006.
300 _aix, 145 p.áginas ;
_c23 cm.
490 1 _aCatholic Biblical quarterly. Monograph series
_v41.
504 _aIncluye referencias bibliográficas (p. 131-140) e índices.
505 _aINTRODUCTION -- Relative Sequence, Neot Absolute Chronology -- Rhetorical Augmentation, Not Doctrinal Development -- A Model for Discerning Rhetorical Augmentation -- A Model for Rethinking Paul's Itineraries -- 1CORINTHLANS, GALATIANS, ROMANS -- The Apostle to the Gentiles? -- Motifs Common toI Corinthians and Romans -- 2 CORINTHIANS 10-13, GALATIANS, 2 CORINTHIANS I-9 -- The Opponents -- The Offender -- Rhetorical Metamorphosis -- GALATIANS, PHILIPPIANS, 2 CORINTHIANS I-9 -- The Opponents of Philippians -- The ldentity of the Opponents of Galatians and Philippians -- The Treatment of Affliction -- Paul's Weaknesses in 2 Corinthians 10-13 – THE COLLECTIONS FOR JERUSALEN – Macedonia – Achaia – Galatia.
526 _aSEG42
526 _aSEG41
526 _aSEG40
526 _aSEG39
526 _aP94
526 _aP87
526 _aP86
526 _aP85
526 _aP77
526 _aP76
526 _aP35
600 0 _aPablo,
_cApóstol,
_xÉtica.
_91640
630 1 4 _aBiblia.
_pNuevo Testamento
_xCrítica, interpretación, etc.
_91242
650 2 4 _aSantos critianos
_zTurquía
_zTarso
_vBiografía.
_95084
942 _2ddc
_cBK
_n0
999 _c62877
_d62876
980 _618226
_aJaime Vilcazán Jefe de Análisis Documental
_818226
_gJaime Vilcazán Jefe de Análisis Documental